Statistiken für Bezirke der DDR auf einer Karte

Klicken Sie hier um das Quiz zu spielen!

Allgemein

  • Dieses Quiz wurde 8.318 mal gespielt
    (8.154 seit der letzten Aktualisierung)
  • Das Durchschnittsergebnis liegt bei 11 aus 15

Antworten auf der Karte

Die Antworten werden auf der Karte rot bzw. grün angezeigt, abhängig davon wie oft sie richtig erraten wurden.
 

Antwortstatistiken

Bezirke% Korrekt
Berlin
97%
Dresden
86%
Leipzig
84%
Potsdam
81%
Rostock
78%
Erfurt
76%
Magdeburg
76%
Schwerin
74%
Karl-Marx-Stadt
73%
Frankfurt
68%
Halle
66%
Cottbus
64%
Gera
57%
Neubrandenburg
43%
Suhl
33%

Verteilung der Resultate

Perzentil nach korrekt beantworteten Fragen

Anzahl Personen mit jedem Resultat

Ihre Resultats-Entwicklung

Sie haben dieses Quiz seit der letzten Aktualisierung nicht gespielt